000
00340nam a2200145Ia 4500
008
150201s2009 xx 000 0 und d
082
_a
612.015
_b
B09S
100
_a
SATAYANARANA, U.
245
_a
BIOCHEMISTRY
250
_a
3RD
260
_b
KALKATA BOOK
_a
KALKATA
_c
2009
300
_a
1-792
650
_a
BIOCHEMISTRY
942
_2
ddc
_c
BK
_0
272
999
_c
299
_d
299